000 00420nam a2200181Ia 4500
001 7778
005 20260306160520.0
008 260306t2011||||xx |||||||||||||| ||spa||
041 _aESP
082 _a362.1
_bG77
100 _aAlcaza, Lorena
_eAUT
245 0 _aSalud, interculturalidad y comportamiento de riesgo
260 _c2011
300 _a
_c
650 _aGEN
654 _aCAN
942 _cLIB
_dJUS
_fJUS
_2ddc
_n
999 _c7778
_d7778